| 000 | 01461nam a2200349 a 4500 | ||
|---|---|---|---|
| 001 | |||
| 003 | DO-SdBNP | ||
| 005 | 20210512125922.0 | ||
| 008 | 100921s1980 dr ac 001 0 spa d | ||
| 020 | _a844993589X | ||
| 040 |
_aDO-SdBNP _bspa _cBNPHU |
||
| 082 |
_a972.9304 _bB719p,1980 _222 |
||
| 100 | 1 |
_aBono, Pedro F . _q( Pedro Francisco) _d1908-1986 |
|
| 245 | 1 | 0 |
_aPapeles de Pedro F. Bonó : _bpara la historia de las ideas políticas en Santo Domingo / _ceditor Emilio Rodríguez Demorizi. |
| 250 | _a2a ed. | ||
| 260 |
_aBarcelona, España : _bGráficas M. Pareja ; _bAcademia Dominicana de la Historia, _c1980. |
||
| 300 |
_a636 p. : _bil., retrs. ; _c24 cm. |
||
| 490 | 0 |
_aAcademia Dominicana de la Historia, _v17 |
|
| 500 | _aIncluye índice de personas, lugares y materias. | ||
| 500 | _aIncluye cronología de la vida de Pedro Francisco Bonó. | ||
| 504 | _aIncluye referencias biblográficas y notas al pie de las páginas. | ||
| 590 | _6Inventariado, 2021/VM | ||
| 600 | 1 | 4 |
_aBonó, Pedro Francisco _d1828-1906 _xCorrespondencia, Memorias, etc. |
| 650 | 4 |
_aEstadistas _zRepública Dominicana _vCorrespondencia. |
|
| 651 | 4 |
_aRepública Dominicana _xHistoria _y1844-1930 |
|
| 651 | 4 |
_aRepública Dominicana _xPolítica Y Gobierno _y1844-1930 |
|
| 700 | 1 |
_aRodríguez Demorizi, Emilios _eed. |
|
| 710 | 2 | _aAcademia Dominicana de la Historia | |
| 830 | 0 |
_aAcademia Dominicana de la Historia _v17 |
|
| 910 | _aVMateo | ||
| 942 |
_2ddc _cBK |
||
| 999 |
_c13485 _d13485 |
||